Guatemala: genocidio en el campo
Сохранить в:
| Формат: | Текст |
|---|---|
| Язык: | Spanish |
| Предметы: | |
| Метки: |
Добавить метку
Нет меток, Требуется 1-ая метка записи!
|
MARC
| LEADER | 00000 a a2200000 04500 | ||
|---|---|---|---|
| 001 | 18095 | ||
| 003 | cru CIDCACS/IIS | ||
| 005 | 20191216162737.0 | ||
| 007 | ta | ||
| 008 | 191216b ||||| |||| 00| 0 spa d | ||
| 999 | |c 42783 |d 42783 | ||
| 040 | |c cru CIDCACS/IIS | ||
| 245 | |a Guatemala: |b genocidio en el campo | ||
| 300 | |a página 319 | ||
| 650 | 0 | |a GENOCIDIO |9 5200 | |
| 650 | 0 | |a CAMPESINADO |9 624 | |
| 650 | 0 | |a DEMOCRACIA |9 83 | |
| 651 | 0 | |9 142 |a GUATEMALA | |
| 773 | 0 | |0 42391 |9 4136 |a Agencia Latinoamericana de Información, ALAI |d Quito, Ecuador: ALAI |o 02019 |t ALAI: |x 08275564 (Servicio mensual de información y documentación) | |
| 942 | |2 ddc |c PP | ||
